| 000 | 00710nam a2200241Ia 4500 | ||
|---|---|---|---|
| 003 | GCL | ||
| 008 | 140319s9999 xx 000 0 ara d | ||
| 040 |
_aGCL / _cGCL |
||
| 082 | 0 | 4 |
_a257.2 _bح ا |
| 100 | 1 | _aابراهيم احمد العدوى | |
| 245 | 1 | 0 |
_aالادارة العربية / _cابراهيم احمد العدوى |
| 700 | 1 | _aحسينى، أ . ق | |
| 700 | 1 | _aمولوى , س.أ | |
| 700 | 1 | _aعبدالعزيز الحق | |
| 300 | _a465 ص | ||
| 490 |
_aالالف كتاب _v0 |
||
| 650 | 0 | 4 | _aالخلافة |
| 650 | 0 | 4 | _aالادارة |
| 650 | 0 | 4 | _aالاحكام السلطانية |
| 650 | 0 | 4 | _aالقصة الاسلامية |
| 650 | 0 | 4 | _aالحسية |
| 942 |
_2ddc _cBK |
||
| 999 |
_c40511 _d40511 |
||